000
00321nam a22001337a 4500
020
_a
0-340-81759-3
082
_a
823
_b
RAY/D
100
_a
RAYNER, SHOO
245
_a
DAK CLAW
260
_a
BRITAIN
_b
HODDER CHILDREN'S BOOKS
_c
2002
300
_a
61
520
_a
BATTLE BETWEEN KAT AND MUSS IS ABOUT TO BEGIN,
942
_c
BK
999
_c
6347
_d
6347